[Event "Baden-ch U12"]
[Site "Karlsruhe"]
[Date "2012.01.05"]
[Round "6"]
[White "Juelg, Gabriel"]
[Black "Parkhanova, Oleksandra"]
[Result "1-0"]
[WhiteElo "1087"]
[BlackElo "700"]
[PlyCount "79"]
[EventDate "2012.01.03"]
[EventType "swiss"]
[EventRounds "7"]
[EventCountry "GER"]
[SourceTitle "EXT 2015"]
[Source "ChessBase"]
[SourceDate "2014.11.20"]
[SourceVersion "1"]
[SourceVersionDate "2014.11.20"]
[SourceQuality "1"]

1. d4 d5 2. c4 dxc4 3. e3 Nf6 4. Bxc4 Bf5 5. Nf3 Nc6 6. 0-0 Bg4 7. h3 Bxf3 8. Qxf3 e6 9. Nc3 Bb4 10. a3 Bxc3 11. bxc3 e5 12. dxe5 Nxe5 13. Qe2 Nxc4 14. Qxc4 0-0 15. e4 Re8 16. Re1 a6 17. e5 c6 18. Bg5 h6 19. Bxf6 gxf6 20. Qg4+ Kf8 21. Qf5 fxe5 22. Rxe5 Rxe5 23. Qxe5 Qe8 24. Qh8+ Ke7 25. Re1+ Kd7 26. Rxe8 Rxe8 27. Qxh6 Re1+ 28. Kh2 Re2 29. Qg7 Re7 30. h4 f5 31. Qf6 b5 32. Qxf5+ Re6 33. h5 Ke7 34. Qg5+ Kd6 35. h6 a5 36. h7 c5 37. h8Q b4 38. Qgd8+ Kc6 39. Qg7 bxa3 40. Qgd7# 1-0